00657cam a22001457a 4500008004000000082001900040245012300059260006700182300001000249650006000259650003300319700005000352999001900402952009000421180718b1962 xxu||||| |||| 00| 0 eng d aT1084x54 N213C aCurrent problems of planned economy(five years of research by NCAER)cby National Council of Applied Economic Research aNew DelhibNational Council of Applied Economic Researchc1962 a115p. aNational Council of Apllied Econmic Research, New Delhi aEconomics - Research - India aNational Council of Applied Economic Research c375310d375310 00104070aIIPAbIIPAd1994-07-20oT1084x54 N213Cp30028r2018-07-21w2018-07-21yBK